| 000 | 00486nam a2200181Ia 4500 | ||
|---|---|---|---|
| 005 | 20250326124810.0 | ||
| 008 | 250326s9999 xx 000 0 und d | ||
| 037 | _aTextbook | ||
| 040 |
_aFMSL _beng _cFMSL |
||
| 041 |
_aeng _2eng |
||
| 084 |
_aX:89U K8 _qFMSL |
||
| 100 |
_aCurley T J _9738003 |
||
| 245 | 0 |
_aPurchasing & supply management _cCurley T J |
|
| 260 |
_aSydney _bSydney, West _c1968 |
||
| 300 | _a382p | ||
| 942 |
_cTB _hX:89U K8 |
||
| 999 |
_c1275266 _d1275266 |
||